New Frontiers in Artificial Intelligence : JSAI-isAI 2011 Workshops, LENLS, JURISIN, ALSIP, MiMI, Takamatsu, Japan, December 1-2, 2011. Revised Selected Papers /

Guardado en:
书目详细资料
主要作者: Manabu Okumura, Daisuke Bekki, Ken Satoh (edición)
格式: 图书
语言:英语
出版: Berlín, Alemania : Springer, 2012, c2012
丛编:(Lecture Notes in Computer Science)
在线阅读:Ver documento en línea
标签: 添加标签
没有标签, 成为第一个标记此记录!

MARC

LEADER 00000nam^a22000000a04500
001 000609334
009 20260512124238.871
020 |a 978-3-642-32090-3 
022 |a 1611-3349 
037 |a Acervo ITESO - Biblioteca 
041 |a ING 
082 |a Libro en línea 
100 |a Manabu Okumura, Daisuke Bekki, Ken Satoh  |e (edición) 
245 |a New Frontiers in Artificial Intelligence :  |b JSAI-isAI 2011 Workshops, LENLS, JURISIN, ALSIP, MiMI, Takamatsu, Japan, December 1-2, 2011. Revised Selected Papers / 
264 4 |a Berlín, Alemania :  |b Springer,  |c 2012, c2012 
264 2 |a Cham, Suiza :  |b Springer Link [distribución],  |c 2025 
300 |a 1 libro electrónico en línea (304 p.) 
300 |a 1 recurso en línea 
336 |a datos para computadora  |b cod  |2 rdacontenido 
337 |a computadora  |b c  |2 rdamedio 
338 |a recurso en línea  |b cr  |2 rdasoporte 
440 |a (Lecture Notes in Computer Science) 
506 0 |a Licencias ilimitadas 
567 |a Catalogación rápida 
649 |a XX 
856 4 0 |u https://link-springer-com.ezproxy.iteso.mx/10.1007/978-3-642-32090-3  |y Ver documento en línea 
910 |a Fondo General 
920 |a Electrónicos - Libros en Línea 
930 |a Plataforma Digital 
905 |a 205 
902 |a https://opac.biblio.iteso.mx/vufind/Record/000609334